[Event "FIDE Chesscom Grand Swiss 2021"]
[Site "Riga"]
[Date "2021.11.03"]
[Round "7.21"]
[White "Sadhwani, Raunak"]
[Black "Predke, Alexandr"]
[Result "0-1"]
[WhiteElo "2609"]
[BlackElo "2666"]
[Annotator "TA"]
[PlyCount "80"]
[EventDate "2021.10.27"]
[EventType "swiss"]
[EventCountry "LAT"]
[Tiebreak "Cut1 Buchholz+Sonneborn-Berger (Swiss)"]
[SourceTitle "playchess.com"]
[Source "ChessBase"]
[SourceQuality "1"]

{[%evp 18,80,-3,1,10,-4,-14,-9,-13,-1,-45,-50,115,43,35,33,25,0,0,0,0,0,0,0,0,
0,22,26,19,25,21,0,0,0,51,46,42,0,0,0,0,-204,-220,-233,-229,-195,-206,-681,
-684,-542,-545,-866,-786,-1716,-1650,-2533,-2441,-2071,-4299,-5122,-4212,-5122,
-5069,-2580,-1351]} 1. e4 {Wells,P} e5 2. Nf3 Nc6 3. Bb5 a6 4. Ba4 Nf6 5. O-O
Be7 6. Re1 b5 7. Bb3 Bb7 8. d4 Nxd4 9. Nxd4 exd4 10. e5 Ne4 {C88: Closed Ruy
Lopez: Anti-Marshall Systems.} 11. Qf3 {[%csl Gb3][%cal Rf3f7]} (11. Qg4 {
is more complex.} Ng5 12. Bxg5 Bxg5 13. Qxd4 O-O 14. c4) 11... O-O {Black
wants to play ...d5.} 12. Rxe4 c5 $1 {[%cal Rc5c4] Threatens to win with ...c4.
The position is equal.} 13. c4 f5 $1 {[%mdl 64] ...Kh8 is the strong threat.
Pin} 14. exf6 $1 {[#]} Rxf6 $146 (14... Bxf6 $15 {stays ahead.} 15. Nd2 (15.
cxb5+ Kh8 $15) 15... Kh8) ({Predecessor:} 14... Bxf6 15. Nd2 Kh8 16. Bc2 bxc4
17. Nxc4 d5 18. Re2 dxc4 19. Qxb7 d3 20. Qe4 Re8 21. Qxc4 dxe2 22. Be3 Rxe3 {
0-1 (22) Stefansson,H (2598)-Hector,J (2513) Malmo 2002 CBM 090 [Wells,P]}) 15.
Qe2 (15. cxb5+ $16 Kh8 16. Qe2 Bxe4 17. Qxe4) 15... Bxe4 $14 16. Qxe4 d5 $1 {
[%cal Rd5e4]} 17. cxd5 {Hoping for d6+.} c4 18. Bd1 Qf8 $1 {aiming for ...Re8.}
19. Bg4 {Black must now prevent Nd2.} ({Don't blunder} 19. Qxd4 $2 Bc5 $19)
19... Rxf2 {[%csl Gf8][%cal Rf2f1]} 20. Bf3 $36 {[%mdl 2048] White has the
initiative.} Rxf3 21. Qxf3 Qxf3 (21... Bc5 {keeps more tension.} 22. Kf1 Re8
23. Qxf8+ Rxf8+ 24. Ke1 d3) 22. gxf3 Rd8 23. Nd2 Rxd5 24. Ne4 b4 25. Kf2 Kf7 ({
Better is} 25... c3 $11) 26. Bf4 g5 27. Bc7 c3 28. Bb6 Bf8 29. Rd1 $2 (29. Ke1
$11) 29... c2 $19 30. Rc1 d3 31. Be3 {[#]} Bg7 $1 32. Nxg5+ $2 {[#]} (32. b3
Kg6 33. Bd2) 32... Rxg5 $1 {[%mdl 512] Black is clearly winning.} 33. Bxg5 {
Strongly threatening Ke3.} Bxb2 34. h4 a5 {[%cal Ba6a5,Ba5a4,Ba4a3][%mdl 32]}
35. Re1 Bd4+ 36. Kf1 Bf6 37. Bc1 Bc3 38. Re2 a4 39. Rxc2 dxc2 40. Ke2 a3 {
Weighted Error Value: White=0.99/Black=0.12} 0-1

[Event "FIDE Chesscom Grand Swiss 2021"]
[Site "Riga"]
[Date "2021.11.03"]
[Round "7.22"]
[White "Grandelius, Nils"]
[Black "Keymer, Vincent"]
[Result "1-0"]
[WhiteElo "2662"]
[BlackElo "2630"]
[Annotator "TA"]
[PlyCount "119"]
[EventDate "2021.10.27"]
[EventType "swiss"]
[EventCountry "LAT"]
[Tiebreak "Cut1 Buchholz+Sonneborn-Berger (Swiss)"]
[SourceTitle "playchess.com"]
[Source "ChessBase"]
[SourceQuality "1"]

{[%evp 9,119,3,3,-8,0,9,16,0,0,0,0,-8,0,0,13,4,41,4,6,0,-13,-10,0,-5,12,18,30,
32,19,25,23,25,107,98,89,98,100,109,100,97,131,134,131,91,113,104,116,110,134,
136,143,113,116,102,104,94,122,125,123,127,213,208,191,148,188,188,188,188,256,
189,275,255,253,254,251,273,270,272,249,254,263,265,260,254,229,190,189,107,
440,437,457,446,432,406,395,400,457,454,516,547,573,573,879,875,1010,1001,1301,
1297,1228,1215,1940,1732]} 1. e4 c6 2. d4 d5 3. e5 Bf5 4. g4 Be4 5. f3 Bg6 6.
e6 {B12: Caro-Kann: Advance Variation.} Qd6 7. exf7+ $1 Bxf7 8. Nc3 $5 {
[%mdl 4] The position is equal. An interesting side line.} Nd7 9. f4 e6 10. Nf3
{[#]} Qc7 $146 ({Predecessor:} 10... h5 11. g5 g6 12. h4 Ne7 13. Bd2 Bg7 14.
Bd3 O-O 15. a3 a6 16. Ne2 b5 {1/2-1/2 (25) Smirnov,V-Mokhov,A (1903) Omsk 2012}
) 11. Bd3 Bd6 12. Ng5 h5 13. Bd2 Nf8 14. Rf1 hxg4 15. Qxg4 Bh5 16. Qg2 Ne7 17.
Ne2 Qd7 18. Ng3 Bg6 19. Bxg6+ Nexg6 20. O-O-O {aiming for f5.} O-O-O {[#]} (
20... Nh4 $11 21. Qe2 O-O-O) 21. f5 $1 $16 {[%cal Rf5g6]} Nh4 22. Qh3 {[%cal
Rf5e6]} e5 23. dxe5 Bxe5 24. Ne6 Nxf5 25. Qxh8 Nxe6 26. Qh3 Nxg3 27. hxg3 Nc5
28. Qxd7+ Rxd7 29. Be3 b6 30. g4 Ne4 31. Rf5 Re7 32. Rdf1 Kd7 33. Rf7 Bf6 34.
Rxe7+ Bxe7 {[%mdl 4096] Endgame KRB-KBN} (34... Kxe7 $16 {keeps fighting.} 35.
c3 c5) 35. Rf7 $18 g5 36. Kd1 c5 37. Ke2 b5 38. Rg7 b4 (38... a5 $142 39. b3 b4
) 39. Rg8 a5 (39... Bf6 {was necessary.} 40. a4 Bxb2) 40. Ra8 Bd8 41. Ra6 d4
42. Bg1 Nf6 43. Kf3 Nd5 44. Ke4 Nf6+ 45. Kf5 Nd5 46. Ke5 Nb6 47. b3 {[%cal
Bb2b3,Bb3a4][%mdl 32]} Kc6 48. Ke4 (48. Ke6 $18) 48... a4 $2 {[%mdl 8192] A
mistake that costs the game.} (48... Kb7 $16 {is a better chance.} 49. Rxa5 Nd7
) 49. bxa4 {[#] Hoping for a5.} Kb7 50. Ra5 Nd7 51. Rb5+ Kc6 52. Kf5 Nb6 53.
Ra5 {White is clearly winning.} Nc4 54. Ra8 Bc7 55. Kxg5 Na3 56. Kf5 Nxc2 57.
Ke4 c4 58. Bxd4 c3 59. Be3 Kb7 60. Rf8 {Weighted Error Value: White=0.08/
Black=0.26} 1-0

[Event "FIDE Chesscom Grand Swiss 2021"]
[Site "Riga"]
[Date "2021.11.03"]
[Round "7.23"]
[White "Ponkratov, Pavel"]
[Black "Onyshchuk, Volodymyr"]
[Result "1-0"]
[WhiteElo "2659"]
[BlackElo "2622"]
[Annotator "TA"]
[PlyCount "69"]
[EventDate "2021.10.27"]
[EventType "swiss"]
[EventCountry "LAT"]
[Tiebreak "Cut1 Buchholz+Sonneborn-Berger (Swiss)"]
[SourceTitle "playchess.com"]
[Source "ChessBase"]
[SourceQuality "1"]

{[%evp 9,69,25,62,43,43,50,51,45,58,41,87,77,103,122,126,114,136,118,143,137,
166,155,149,156,160,47,42,37,50,56,39,-14,-22,-58,-23,-20,-19,-16,-18,-25,-18,
-20,106,104,116,78,170,142,152,168,276,194,181,179,1009,1103,29961,29956,29985,
29985,3203,2505]} 1. e4 g6 2. d4 Bg7 3. Nc3 d6 4. Be3 a6 5. h4 h6 6. a4 {
B06: Modern Defence.} Nf6 7. f3 {[#]} h5 $146 ({Predecessor:} 7... Nc6 8. Bc4
e6 9. Bb3 d5 10. e5 Nd7 11. h5 g5 12. f4 gxf4 13. Bxf4 Na5 {0-1 (44) Gashev,M 
(2031)-Gubajdullin,A (2340) Tuapse 2021}) 8. Qd2 {White is slightly better.}
Nc6 9. Bc4 Nb4 10. Bb3 a5 11. Nge2 d5 12. e5 Ng8 13. Nf4 c6 14. Nce2 Nh6 15. e6
Bxe6 16. Nxe6 fxe6 17. Nf4 (17. c3 $16) 17... Qd6 $1 $14 18. c3 Nf5 19. cxb4
Bh6 {[#]} 20. g3 ({White should try} 20. Nxd5 $1 $14 cxd5 21. Bxh6 Rxh6 22.
bxa5) 20... e5 $1 $11 {[%cal Re5d4]} 21. Ng2 {dxe5 is the strong threat.} ({
Don't blunder} 21. dxe5 $2 Qxe5 22. Qc3 Qxe3+ 23. Qxe3 Nxe3 $19) 21... Nxe3 22.
Nxe3 exd4 23. Qxd4 Qxg3+ {[%mdl 64] Double Attack} 24. Ke2 $1 O-O 25. Raf1 e5 {
[#]} (25... Rf6 $11 26. f4 Re6) 26. Qd3 $1 $16 {Threatens to win with Rhg1.} e4
({But not} 26... axb4 $2 27. Rhg1 $18) 27. fxe4 Bxe3 (27... Rae8 $16 {was
worth a try.} 28. Rxf8+ (28. bxa5 $2 Bxe3 29. Kd1 Qg4+ 30. Kc2 Rxf1 $19) 28...
Bxf8) 28. Qxe3 $18 Qg2+ 29. Ke1 {Black must now prevent Rfg1.} Rxf1+ 30. Rxf1 {
Hoping for exd5.} Re8 31. Rf3 {aiming for Qf4.} axb4 $2 {[#]} (31... Qxb2 32.
Qf4 Qb1+ 33. Kd2 Qxe4) 32. Qf4 $1 {[%cal Rf4f7] Threatening mate with Qf7+!}
Ra8 33. Rg3 Qh1+ 34. Kd2 Qh2+ 35. Kd3 {Weighted Error Value: White=0.11/
Black=0.51} 1-0

[Event "FIDE Chesscom Grand Swiss 2021"]
[Site "Riga"]
[Date "2021.11.03"]
[Round "7.24"]
[White "Ponomariov, Ruslan"]
[Black "Howell, David W L"]
[Result "0-1"]
[WhiteElo "2631"]
[BlackElo "2658"]
[Annotator "TA"]
[PlyCount "152"]
[EventDate "2021.10.27"]
[EventType "swiss"]
[EventCountry "LAT"]
[Tiebreak "Cut1 Buchholz+Sonneborn-Berger (Swiss)"]
[SourceTitle "playchess.com"]
[Source "ChessBase"]
[SourceQuality "1"]

{[%evp 9,152,18,20,16,18,16,29,8,10,8,27,14,20,17,30,29,33,14,11,19,15,6,13,8,
1,0,6,6,10,0,0,0,0,0,16,0,0,-15,0,-14,-21,-20,-18,-23,-17,-26,-1,-22,0,-27,-20,
-36,-18,-29,-13,-13,-20,-20,-19,-59,-39,-53,-45,-52,-29,-46,-27,-64,-47,-53,
-57,-106,-99,-188,-187,-276,-258,-260,-270,-246,-283,-296,-296,-307,-321,-319,
-310,-305,-323,-321,-323,-314,-324,-324,-327,-320,-317,-318,-319,-319,-322,
-289,-306,-297,-289,-368,-327,-392,-394,-385,-343,-376,0,-339,0,-367,-372,-507,
-499,-508,-501,-671,-635,-791,-1470,-1472,-1262,-1337,-1267,-1151,-985,-2924,
-2600,-2101,-1828,-2153,-1334,-2439,-2086,-4133,-5730,-4845,-4845,-29972,
-29975]} 1. e4 e5 2. Nf3 Nc6 3. Bb5 Nf6 4. d3 Bc5 5. Bxc6 dxc6 6. O-O {C65:
Ruy Lopez: Berlin Defence (3...Nf6), unusual lines and 4 0-0 Bc5.} Nd7 7. c3 {
is currently scoring better than 7.Nbd2.} h6 8. d4 {White has an edge.} Bd6 9.
Nbd2 O-O 10. Nc4 {[%cal Rd4e5]} exd4 11. Nxd4 Nc5 {[#]} 12. f3 $146 ({
Predecessor:} 12. e5 Be7 13. f4 f5 14. Be3 Qd5 15. Qe2 Ne4 16. Nd2 Nxd2 17.
Bxd2 c5 18. Nf3 {0-1 (48) Fier,A (2560)-Salgado Lopez,I (2584) chess24.com INT
2020}) 12... Re8 13. Be3 Bf8 14. Qc2 a5 15. Rad1 Qe7 16. Bf2 f6 17. b3 Qf7 18.
Rfe1 a4 19. Bg3 Ne6 20. Nf5 Nc5 21. Nd4 Ne6 22. Nf5 g6 {And now ...axb3 would
win.} 23. Nfe3 h5 24. Nb2 Nc5 {[%cal Ra4b3]} 25. b4 {[#]} a3 $1 26. Nbc4 Na4
27. Nxa3 Nb6 28. Qb2 Na4 29. Qc2 Be6 30. Rd2 Nb6 {[%mdl 1024] Black has
compensation.} 31. Qb2 Ra4 32. Red1 Bh6 33. Bf2 Qe7 34. Rd4 Rea8 35. Nec2 Nd7
36. c4 c5 37. bxc5 Nxc5 38. Qc3 Bf8 39. R4d2 b6 40. Qe3 {Black converts the
advantage convincingly.} Kh7 41. Bg3 (41. Qc3 $17) 41... Bh6 $19 {[%mdl 64]
Skewer} 42. Bf4 {[#]} (42. f4 {keeps fighting.}) 42... Rxa3 $1 {[%mdl 512]} 43.
Nxa3 Bxf4 {[%mdl 64] Overworked Piece} 44. Qxf4 {Hoping for Nb5.} Rxa3 45. h4
Bf7 (45... Bxc4 46. e5 $17) 46. Kh1 Kg7 ({Weaker is} 46... Bxc4 47. e5 $17) 47.
Rc2 Nd3 48. Qd2 Qd6 49. Rb1 {White hopes to continue with Rb3.} Qg3 50. Rb3
Qxh4+ 51. Kg1 Rxb3 52. axb3 Nc5 53. b4 Ne6 54. c5 bxc5 55. bxc5 Qg3 56. Qf2 Qe5
57. c6 Nd4 58. Rd2 Nxc6 59. Rd7 Nb8 60. Rd8 Nc6 61. Rd7 Nb8 62. Rd8 $1 c5 63.
Rc8 Nd7 64. Qd2 Nb6 65. Rc6 Nc4 66. Qd8 Qd4+ 67. Qxd4 cxd4 68. Kf2 d3 69. Rc8
h4 70. Rd8 d2 71. Ke2 g5 72. Rc8 Kg6 73. Rd8 Be6 74. Kf2 Kf7 75. Ke2 Ke7 76.
Rd4 {[#]} Bd7 $1 {Weighted Error Value: White=0.13/Black=0.11} 0-1

[Event "FIDE Chesscom Grand Swiss 2021"]
[Site "Riga"]
[Date "2021.11.03"]
[Round "7.25"]
[White "Oparin, Grigoriy"]
[Black "Kollars, Dmitrij"]
[Result "1-0"]
[WhiteElo "2654"]
[BlackElo "2621"]
[Annotator "TA"]
[PlyCount "103"]
[EventDate "2021.10.27"]
[EventType "swiss"]
[EventCountry "LAT"]
[Tiebreak "Cut1 Buchholz+Sonneborn-Berger (Swiss)"]
[SourceTitle "playchess.com"]
[Source "ChessBase"]
[SourceQuality "1"]

{[%evp 12,103,4,14,14,0,4,12,8,0,0,0,0,0,0,0,19,0,0,0,0,0,10,8,34,34,41,32,57,
55,56,66,66,69,70,55,124,63,66,57,107,109,136,97,85,99,105,105,105,105,105,105,
105,83,229,220,258,240,573,568,546,554,618,578,669,668,642,597,707,647,808,808,
808,808,975,949,884,785,801,801,801,801,801,780,747,650,1829,1750,29968,29970,
29969,29971,6095,5051]} 1. e4 e5 2. Nf3 Nc6 3. Bb5 a6 4. Ba4 Nf6 5. Nc3 Bc5 6.
O-O b5 7. Bb3 O-O {C77: Ruy Lopez: 3...a6 4 Ba4 Nf6, unusual lines.} 8. a4 $5 {
[%mdl 4] Exploring less charted territory.} Rb8 9. axb5 axb5 {[#] The position
is equal.} 10. Nd5 $5 $146 {[%mdl 8] New and interesting.} ({Predecessor:} 10.
d3 d6 11. Nd5 Nxd5 12. Bxd5 Ne7 13. Bb3 Ng6 14. c3 h6 15. Be3 {1/2-1/2 (15)
Smirin,I (2663)-Avrukh,B (2572) Acre 2013}) 10... Nxe4 11. d3 Nf6 12. Bg5 $1
Be7 13. Nxe7+ Qxe7 14. Re1 d6 15. d4 h6 16. Bh4 Bg4 17. c3 g5 18. Bg3 e4 {
[#] Strongly threatening ...Qd8.} 19. Qd2 $1 {Nxg5! is the strong threat.} Nh5
{[#]} (19... b4 20. Ba4) 20. Bd5 $1 {[%mdl 64] Double Attack} Bxf3 21. Bxc6 Rb6
22. Ba8 $1 Nxg3 23. hxg3 ({Much worse is} 23. gxf3 Nh5 $15) 23... Bh5 (23...
Bg4 $14) 24. Bxe4 (24. Rxe4 $16 Qf6 25. d5) 24... Qf6 $14 25. b4 Rd8 26. Ra7 c5
27. Bd5 cxb4 28. cxb4 Rbb8 29. g4 Bg6 30. Re3 Rf8 31. Rf3 Qg7 32. Ra6 $36 {
[%mdl 2048] Keeping Black busy.} Rbc8 {This costs Black the game.} (32... Rfd8
$16 33. Rc3 Qf6) 33. Rxd6 $18 Rcd8 34. Rff6 {Threatens to win with Rxg6.} Qxf6
(34... Rxd6 {is tougher.} 35. Rxd6 Rc8) 35. Rxf6 Rxd5 36. f3 Rc8 37. Rb6 Kh7
38. Qe3 Rcd8 39. Qe7 Rxd4 40. Rxb5 Rc8 41. Qe5 Rdd8 42. Rd5 Re8 43. Qd4 Rb8 44.
Kh2 Rb7 45. b5 Reb8 46. Qc4 Rb6 47. Kh3 R6b7 48. Rc5 Rd7 49. Rc8 Bd3 50. Qc6
Rdb7 51. Rxb8 Rxb8 52. Qd6 {[%mdl 64] Double Attack.  Weighted Error Value:
White=0.04/Black=0.45} 1-0

[Event "FIDE Chesscom Grand Swiss 2021"]
[Site "Riga"]
[Date "2021.11.03"]
[Round "7.26"]
[White "Alekseenko, Kirill"]
[Black "Kravtsiv, Martyn"]
[Result "1-0"]
[WhiteElo "2710"]
[BlackElo "2625"]
[Annotator "TA"]
[PlyCount "85"]
[EventDate "2021.10.27"]
[EventType "swiss"]
[EventCountry "LAT"]
[Tiebreak "Cut1 Buchholz+Sonneborn-Berger (Swiss)"]
[SourceTitle "playchess.com"]
[Source "ChessBase"]
[SourceQuality "1"]

{[%evp 18,85,20,21,27,10,16,20,19,31,34,26,39,19,6,9,26,2,0,9,12,0,0,-15,17,15,
30,30,31,31,19,14,50,49,75,72,72,72,119,111,123,97,144,97,97,81,322,330,323,
326,325,262,372,272,414,299,282,301,283,243,283,297,392,339,633,627,627,603,
873,811]} 1. e4 e5 2. Nf3 Nc6 3. Bb5 a6 4. Ba4 Nf6 5. d3 b5 6. Bb3 Be7 7. a4 b4
8. a5 O-O 9. O-O d6 10. Nbd2 Rb8 {C84: Closed Ruy Lopez: Unusual White 6th
moves.} 11. c3 Be6 12. Nc4 bxc3 {The position is equal. has lost popularity 
(12...h6).} 13. bxc3 h6 14. Re1 Qc8 15. h3 $5 {[%mdl 4] Exploring less charted
territory.} Rd8 16. Bc2 Bf8 17. Qe2 {[#]} Bxc4 $146 ({Predecessor:} 17... Ne7
18. d4 exd4 19. Nxd4 Bxc4 20. Qxc4 c5 21. Nf3 Ng6 22. Bd3 Rb5 23. Qa2 Rb8 {
0-1 (47) Najer,E (2653)-Karjakin,S (2771) Dubai 2014}) 18. dxc4 Nd7 19. Nh2 Nc5
20. Ra3 Nb7 21. Ng4 Ncxa5 22. c5 Nc6 23. Rxa6 Ne7 24. Ba3 Ra8 (24... Ng6 {
seems wilder.} 25. Bb3 Nxc5 26. Bxf7+ Kxf7 27. Bxc5 Qe6) 25. cxd6 cxd6 26. Rxa8
Qxa8 27. Bb4 $36 {[%mdl 2048] Black is under strong pressure.} Ng6 28. g3 Qc8
29. h4 Nc5 30. Ra1 Ne7 31. Qf3 Nc6 $2 {Loses the game.} (31... Qc7 $16) 32.
Bxc5 $18 dxc5 33. Bb3 Qc7 34. h5 Re8 (34... c4 $142 35. Bxc4 Nd4 36. cxd4 Qxc4
37. Nxe5 Qe6) 35. Ra6 {[#] aiming for Rxc6!} Nd8 (35... c4 {might work better.}
36. Ba4 (36. Bxc4 Nd4 $16) 36... Re6 37. Bxc6 Rxc6 38. Rxc6 Qxc6) 36. Bd5 Ne6
37. Qf5 Bd6 38. Rc6 Qb8 39. Kg2 Re7 40. Ne3 {[#] Strongly threatening Qg4.} Qd8
$2 (40... Re8 41. Nc4 Bc7 42. Bxe6 fxe6 43. Rxe6 Qc8) 41. Qg4 {White is
clearly winning.} Rc7 {Black hopes to continue with ...Rxc6.} 42. Ra6 Bf8 43.
Rxe6 {Weighted Error Value: White=0.15/Black=0.43} 1-0

[Event "FIDE Chesscom Grand Swiss 2021"]
[Site "Riga"]
[Date "2021.11.03"]
[Round "7.27"]
[White "Demchenko, Anton"]
[Black "Movsesian, Sergei"]
[Result "1-0"]
[WhiteElo "2651"]
[BlackElo "2627"]
[Annotator "TA"]
[PlyCount "119"]
[EventDate "2021.10.27"]
[EventType "swiss"]
[EventCountry "LAT"]
[Tiebreak "Cut1 Buchholz+Sonneborn-Berger (Swiss)"]
[SourceTitle "playchess.com"]
[Source "ChessBase"]
[SourceQuality "1"]

{[%evp 11,119,25,37,30,41,19,36,45,51,4,4,-11,0,-33,-21,-19,37,43,37,37,44,35,
50,55,85,31,27,39,32,32,58,45,45,48,57,0,0,0,0,0,0,0,0,0,54,-121,-27,-30,-17,
-18,0,-5,0,0,31,20,35,39,89,12,12,11,8,10,20,8,10,7,36,36,36,36,36,36,36,36,36,
36,68,94,99,83,169,36,37,28,29,33,29,36,141,117,125,131,138,38,44,80,134,134,
402,395,793,820,1356,1250,1338,1368,1182,1004]} 1. e4 c5 2. Nf3 e6 3. d4 cxd4
4. Nxd4 Nc6 5. Nc3 Qc7 6. Be3 a6 7. Qf3 {B48: Sicilian: Taimanov: 5 Nc3 Qc7 6
Be3 a6 without Be2.} Nf6 8. O-O-O h5 9. Nxc6 {White is slightly better.} dxc6
10. e5 $5 {[%mdl 4] Exploring less charted territory.} Qxe5 {[#]} 11. Bc4 $146
({Predecessor:} 11. Bf4 Qa5 12. Bc4 Bb4 13. Qg3 Bxc3 14. bxc3 O-O 15. Bd6 Re8
16. f3 e5 17. Rhe1 Qxc3 {0-1 (32) Lu,J (2024)-Grunberg,M (2401) Chess.com INT
2020}) 11... Nd5 12. Rhe1 {[%cal Rc4d5]} (12. Bd4 $5 {[%cal Rd4e5]} Qg5+ 13.
Kb1 $11) 12... Nxe3 (12... Nxc3 13. Rd8+ $1 Ke7 14. bxc3 $16) 13. Rxe3 Qf6 (
13... Qc7 $11) 14. Qg3 $1 $14 {[%mdl 1024] aiming for Ne4. White has
compensation.} h4 $1 {[%cal Rh4g3]} 15. Qc7 $36 {[%mdl 2048] White is pushing.}
Qe7 $1 {[%cal Re7c7]} 16. Qb6 {And now Ne4 would win.} g6 $1 {White must now
prevent ...Bh6.} 17. Qd4 Rh7 18. Red3 (18. f4 $16) 18... e5 $1 {[%cal Re5d4]}
19. Qb6 {Rd8+ would kill now.} Bf5 {[#]} 20. Bxa6 Bxd3 21. Bxb7 {[%mdl 64]
Double Attack} Bh6+ $1 22. Kb1 Rd8 {Strongly threatening ...Bb5!} 23. Bxc6+ (
23. Qxc6+ $14 Kf8 24. Rxd3) 23... Kf8 $11 24. cxd3 Kg7 25. Qb7 Qc5 26. Ne4 Qd4
27. Qe7 Kh8 (27... Rb8 $11 28. b3 Kh8) 28. Ng5 $2 (28. Qf6+ $14 Kg8 29. Ba4 (
29. Qxh4 Kf8 $11)) 28... Rb8 (28... Qd6 $1 $17 {[%cal Rd6e7]} 29. Qxd6 Rxd6 30.
Nxh7 Rxc6) 29. b3 Bxg5 30. Qxg5 Kg7 31. Qe3 $1 Qd6 32. d4 Rh5 33. Bf3 Rf5 34.
dxe5 Qe7 35. e6 (35. Rd5 $16) 35... Qxe6 36. Qxe6 fxe6 {[%mdl 4096] Endgame
KRR-KRB} 37. h3 Kf6 38. Kb2 Rf4 39. Rd2 Rb6 40. Re2 Rd4 41. Be4 e5 42. Kc3 g5
43. f3 Rb8 44. Bd3 Rbd8 45. Bc4 Rd1 46. a4 Ra1 (46... Ra8 $16 {was called for.}
) 47. Bd3 ({Only move:} 47. Kb2 $1 $18 {[%cal Rb2a1]} Rad1 48. a5) 47... Rd1
$14 48. Bc2 Rc8+ 49. Kb2 Rd4 50. Be4 Rb8 (50... Ke6 $14) 51. Ka3 $1 $16 Ke6 {
[#]} 52. Rc2 $1 Rd1 {[#]} 53. Ra2 (53. Rc6+ $1 $16 Kd7 54. Rg6) 53... Rd4 54.
Rb2 Rd1 ({Better is} 54... Kd6) 55. b4 Rbd8 $2 {[%mdl 8192] This move loses
the game for Black.} (55... Ra1+ $16 56. Kb3 Rd8) 56. a5 {[%cal Ba4a5,Ba5a6]
[%mdl 32]} R8d4 $2 (56... Kd6 57. a6 Rd7) 57. Ra2 $18 {White is clearly
winning.} Rd7 58. a6 Kd6 59. Ka4 Ra7 60. Ka5 {Weighted Error Value: White=0.19/
Black=0.22} 1-0

[Event "FIDE Chesscom Grand Swiss 2021"]
[Site "Riga"]
[Date "2021.11.03"]
[Round "7.28"]
[White "Abdusattorov, Nodirbek"]
[Black "Indjic, Aleksandar"]
[Result "1/2-1/2"]
[WhiteElo "2646"]
[BlackElo "2612"]
[Annotator "TA"]
[PlyCount "67"]
[EventDate "2021.10.27"]
[EventType "swiss"]
[EventCountry "LAT"]
[Tiebreak "Cut1 Buchholz+Sonneborn-Berger (Swiss)"]
[SourceTitle "playchess.com"]
[Source "ChessBase"]
[SourceQuality "1"]

{[%evp 16,67,2,0,2,0,4,4,4,4,5,4,8,10,15,6,0,0,0,0,0,0,0,0,0,0,5,0,12,13,23,20,
18,0,0,0,0,0,0,0,0,0,0,0,0,0,0,0,0,-11,0,0,0,-7]} 1. e4 e5 2. Nf3 Nf6 3. d4
Nxe4 4. Bd3 d5 5. Nxe5 Nd7 6. Nc3 Nxc3 7. bxc3 Bd6 {now supersedes 7...Nxe5.}
8. O-O O-O 9. Re1 c5 {C43: Petroff Defence: 3 d4.} 10. Nxd7 Qxd7 11. dxc5 Bxc5
12. Qh5 {[%csl Gd3][%cal Rh5h7] [#]} h6 13. Be3 Qc6 14. Bxc5 Qxc5 15. Re3 Qd6
16. Qh4 Bd7 17. Qd4 Rfe8 {[#]} 18. c4 $146 ({Predecessor:} 18. Rxe8+ Bxe8 19.
c4 Bc6 20. Be4 Qb4 21. Bxd5 Bxd5 22. Qxd5 Rc8 23. a3 Qc3 24. Rb1 b6 25. Qd7
Qxc4 26. Qxa7 Qxc2 {1/2-1/2 (40) Sevian,S (2654)-Dominguez Perez,L (2760)
Saint Louis 2021}) 18... Bc6 19. c5 Qc7 20. Rae1 Rxe3 21. Rxe3 Kf8 22. h3 Rd8
23. Be2 Rd7 {The position is equal.} 24. Rg3 f6 25. Qd3 {[#] Qh7 is the strong
threat.} Kg8 26. Qg6 Re7 27. Bd3 {Threatening mate with Qh7+.} Re1+ 28. Kh2 {
aiming for Qh7+.} Kf8 29. Qh7 Qf7 $1 30. Rg4 Qc7+ 31. Rg3 {Strongly
threatening Qh8+.} Qf7 $1 32. Rg4 Qc7+ 33. Rg3 {Hoping for Qh8+.} Qf7 $1 34.
Rg4 {A rather calm draw.  Weighted Error Value: White=0.01/Black=0.02} 1/2-1/2